[Event "Lappeenranta We LprSK"]
[Site "Lappeenranta"]
[Date "2015.06.13"]
[Round "2"]
[White "Hallman, Valo"]
[Black "Munukka, Timo"]
[Result "1-0"]
[WhiteElo "2104"]
[BlackElo "1966"]
[PlyCount "43"]
[EventDate "2015.06.13"]
[EventType "swiss"]
[EventRounds "5"]
[EventCountry "FIN"]
[SourceTitle "EXT 2022"]
[Source "ChessBase"]
[SourceDate "2021.10.06"]
[SourceVersion "1"]
[SourceVersionDate "2021.10.06"]
[SourceQuality "1"]

1. e4 e5 2. Nf3 Nc6 3. Bb5 a6 4. Ba4 Nf6 5. d3 b5 6. Bb3 Bb7 7. 0-0 Bc5 8. Be3 Qe7 9. c3 0-0 10. Nbd2 Kh8 11. Re1 Nh5 12. Nxe5 Bxe3 13. Nxc6 Bxf2+ 14. Kxf2 Qh4+ 15. Kg1 Bxc6 16. Nf3 Qg4 17. Ne5 Qxd1 18. Raxd1 Kg8 19. Rf1 Nf6 20. Nxf7 Rxf7 21. Bxf7+ Kxf7 22. e5 1-0

[Event "Helsinki-ch 2015"]
[Site "Helsinki"]
[Date "2014.12.30"]
[Round "2.8"]
[White "Munukka, Timo"]
[Black "Auvinen, Esa"]
[Result "1/2-1/2"]
[WhiteElo "1991"]
[BlackElo "1952"]
[PlyCount "25"]
[EventDate "2014.12.29"]
[EventType "swiss"]
[EventRounds "7"]
[EventCountry "FIN"]
[SourceTitle "EXT 2022"]
[Source "ChessBase"]
[SourceDate "2021.10.06"]
[SourceVersion "1"]
[SourceVersionDate "2021.10.06"]
[SourceQuality "1"]

1. d4 Nf6 2. c4 e6 3. Nf3 d5 4. Nc3 Be7 5. Bg5 0-0 6. e3 c6 7. Rc1 Nbd7 8. Be2 b6 9. 0-0 Bb7 10. h3 Rc8 11. Qa4 a6 12. cxd5 cxd5 13. Qd1 1/2-1/2

[Event "Helsinki op"]
[Site "Helsinki"]
[Date "2014.12.10"]
[Round "3.7"]
[White "Munukka, Timo"]
[Black "Hallman, Valo"]
[Result "0-1"]
[WhiteElo "1991"]
[BlackElo "1991"]
[PlyCount "44"]
[EventDate "2014.12.10"]
[EventType "swiss"]
[EventRounds "5"]
[EventCountry "FIN"]
[SourceTitle "EXT 2022"]
[Source "ChessBase"]
[SourceDate "2021.10.06"]
[SourceVersion "1"]
[SourceVersionDate "2021.10.06"]
[SourceQuality "1"]

1. d4 d5 2. c4 e5 3. cxd5 Qxd5 4. dxe5 Qxd1+ 5. Kxd1 Nc6 6. Nc3 Be6 7. Bg5 h6 8. Bh4 g5 9. Bg3 0-0-0+ 10. Kc1 Bg7 11. e3 Nxe5 12. Nf3 Nxf3 13. gxf3 a6 14. Kc2 Ne7 15. e4 Nc6 16. Be2 Rd7 17. Rad1 Nd4+ 18. Kb1 Rhd8 19. Rd2 Nxe2 20. Rxe2 Rd2 21. Rhe1 Bxc3 22. bxc3 Bxa2+ 0-1

[Event "Helsinki op"]
[Site "Helsinki"]
[Date "2014.12.10"]
[Round "4.7"]
[White "Nazarova, Anastasia"]
[Black "Munukka, Timo"]
[Result "1-0"]
[WhiteElo "1850"]
[BlackElo "1991"]
[PlyCount "71"]
[EventDate "2014.12.10"]
[EventType "swiss"]
[EventRounds "5"]
[EventCountry "FIN"]
[SourceTitle "EXT 2022"]
[Source "ChessBase"]
[SourceDate "2021.10.06"]
[SourceVersion "1"]
[SourceVersionDate "2021.10.06"]
[SourceQuality "1"]

1. e4 e5 2. Nf3 Nf6 3. d4 Nxe4 4. Bd3 d5 5. Nxe5 Bd6 6. Nc3 Nxc3 7. bxc3 Qe7 8. 0-0 0-0 9. Re1 Qf6 10. Rb1 c5 11. g3 Nc6 12. f4 cxd4 13. cxd4 Qd8 14. c3 f6 15. Qh5 f5 16. Rb5 Nxe5 17. fxe5 Be7 18. Qf3 Be6 19. Rxb7 g5 20. Qh5 Rf7 21. Qd1 Qf8 22. Rf1 g4 23. Bf4 h5 24. Qd2 Qg7 25. Rfb1 Bf8 26. Rxf7 Qxf7 27. Rb3 Rc8 28. a4 Rc7 29. a5 Kh7 30. a6 Qd7 31. Bb5 Qc8 32. Qb2 Be7 33. Bd3 Kg6 34. Rb8 Qd7 35. Bb5 Rc6 36. Rb7 1-0

[Event "Helsinki We ESK Group M"]
[Site "Helsinki"]
[Date "2013.12.06"]
[Round "2"]
[White "Munukka, Timo"]
[Black "Ronka, Erik"]
[Result "1/2-1/2"]
[WhiteElo "1996"]
[BlackElo "2084"]
[PlyCount "52"]
[EventDate "2013.12.05"]
[EventType "tourn"]
[EventRounds "7"]
[EventCountry "FIN"]
[SourceTitle "EXT 2022"]
[Source "ChessBase"]
[SourceDate "2021.10.06"]
[SourceVersion "1"]
[SourceVersionDate "2021.10.06"]
[SourceQuality "1"]

1. d4 Nf6 2. c4 e6 3. Nf3 b6 4. g3 Ba6 5. b3 Bb7 6. Bg2 Bb4+ 7. Bd2 c5 8. 0-0 0-0 9. Bxb4 cxb4 10. a3 Na6 11. Ne5 Bxg2 12. Kxg2 bxa3 13. Rxa3 Nb4 14. Ra4 a5 15. Nc3 d5 16. Qd2 Rc8 17. Rc1 dxc4 18. bxc4 Qc7 19. Nb5 Qb7+ 20. f3 Rfd8 21. e3 Qb8 22. Qe2 Qb7 23. Rca1 Ra8 24. Rc1 Rac8 25. Rca1 Ra8 26. Rc1 Rac8 1/2-1/2

[Event "FIN-chT1 East 1213"]
[Site "Finland"]
[Date "2013.02.09"]
[Round "6.3"]
[White "Eklund, Kari"]
[Black "Munukka, Timo"]
[Result "1-0"]
[WhiteElo "2157"]
[BlackElo "1996"]
[PlyCount "89"]
[EventDate "2012.09.29"]
[EventType "team-tourn"]
[EventRounds "7"]
[EventCountry "FIN"]
[SourceTitle "EXT 2019"]
[Source "ChessBase"]
[SourceDate "2018.10.10"]
[SourceVersion "1"]
[SourceVersionDate "2018.10.10"]
[SourceQuality "1"]
[WhiteTeam "Vantaa Remi"]
[BlackTeam "Espoo ESK"]
[WhiteTeamCountry "FIN"]
[BlackTeamCountry "FIN"]

1. d4 Nf6 2. c4 g6 3. Nc3 d5 4. cxd5 Nxd5 5. e4 Nxc3 6. bxc3 Bg7 7. Bc4 c5 8. Ne2 Nc6 9. Be3 cxd4 10. cxd4 Qa5+ 11. Qd2 Qxd2+ 12. Kxd2 0-0 13. Rhd1 Rd8 14. Ke1 b6 15. Rac1 Bb7 16. h3 Rac8 17. d5 Na5 18. Bb5 Rxc1 19. Nxc1 f5 20. f3 fxe4 21. fxe4 e6 22. Bg5 Rd6 23. Be7 Bf8 24. Bxd6 Bxd6 25. dxe6 Bb4+ 26. Kf1 Bc6 27. Rd8+ Kg7 28. Bxc6 Nxc6 29. Rd7+ Kf6 30. Rc7 Ne5 31. Rxa7 h5 32. Ke2 Kxe6 33. Nd3 Nxd3 34. Kxd3 Bc5 35. Rc7 Bg1 36. a4 Kf6 37. Rc6+ Kg5 38. e5 Kf5 39. e6 Kf6 40. Ke4 Bf2 41. Kd5 g5 42. Kd6 Bc5+ 43. Rxc5 bxc5 44. e7 Kf7 45. Kd7 1-0

[Event "Helsinki We HSK 8th Group A"]
[Site "Helsinki"]
[Date "2012.??.??"]
[Round "5"]
[White "Tumanov, Dmitri"]
[Black "Munukka, Timo"]
[Result "1/2-1/2"]
[WhiteElo "1909"]
[BlackElo "2004"]
[PlyCount "32"]
[EventDate "2012.??.??"]
[EventType "swiss"]
[EventRounds "5"]
[EventCountry "FIN"]
[SourceTitle "EXT 2022"]
[Source "ChessBase"]
[SourceDate "2021.10.06"]
[SourceVersion "1"]
[SourceVersionDate "2021.10.06"]
[SourceQuality "1"]

1. d4 Nf6 2. Nf3 g6 3. Bg5 Bg7 4. Nbd2 h6 5. Bh4 d5 6. c4 0-0 7. Rc1 c6 8. Bg3 Qa5 9. cxd5 cxd5 10. Rc5 Qd8 11. Bc7 Qe8 12. e3 b6 13. Rc3 Ba6 14. Bxb8 Bxf1 15. Nxf1 Qxb8 16. N1d2 Qb7 1/2-1/2

[Event "FIN-chT1B 1112"]
[Site "Finland"]
[Date "2011.10.15"]
[Round "2.5"]
[White "Hintikka, Eero"]
[Black "Munukka, Timo"]
[Result "1/2-1/2"]
[WhiteElo "2110"]
[BlackElo "2003"]
[PlyCount "48"]
[EventDate "2011.09.17"]
[EventType "team-tourn"]
[EventRounds "7"]
[EventCountry "FIN"]
[SourceTitle "EXT 2019"]
[Source "ChessBase"]
[SourceDate "2018.10.10"]
[SourceVersion "1"]
[SourceVersionDate "2018.10.10"]
[SourceQuality "1"]
[WhiteTeam "Jyvaskyla JyS"]
[BlackTeam "Espoo ESK"]
[WhiteTeamCountry "FIN"]
[BlackTeamCountry "FIN"]

1. d4 Nf6 2. Nf3 g6 3. Bg5 Bg7 4. Nbd2 h6 5. Bf4 g5 6. Bg3 Nh5 7. Be5 f6 8. Bg3 d6 9. e3 Nxg3 10. hxg3 Be6 11. c4 Bf7 12. Bd3 Qd7 13. Qb3 c6 14. Qc2 Na6 15. a3 e6 16. b4 Nc7 17. Rb1 b6 18. b5 cxb5 19. cxb5 d5 20. a4 Rc8 21. Rc1 Ke7 22. Qb1 Rhd8 23. Ke2 Ne8 24. Rxc8 Rxc8 1/2-1/2

[Event "Helsinki HSL Easter 4th Group A"]
[Site "Helsinki"]
[Date "2011.04.??"]
[Round "5"]
[White "Kilpela, Panu"]
[Black "Munukka, Timo"]
[Result "0-1"]
[WhiteElo "2086"]
[BlackElo "2029"]
[PlyCount "113"]
[EventDate "2011.04.21"]
[EventType "swiss"]
[EventRounds "7"]
[EventCountry "FIN"]
[SourceTitle "EXT 2022"]
[Source "ChessBase"]
[SourceDate "2021.10.06"]
[SourceVersion "1"]
[SourceVersionDate "2021.10.06"]
[SourceQuality "1"]

1. Nf3 Nf6 2. g3 g6 3. b3 b6 4. Bg2 Bb7 5. Bb2 Bg7 6. 0-0 0-0 7. c4 c5 8. d4 cxd4 9. Nxd4 Bxg2 10. Kxg2 d5 11. cxd5 Qxd5+ 12. Nf3 Nc6 13. Qc1 Rac8 14. Nc3 Qd7 15. Rd1 Qb7 16. e4 e6 17. Qe3 Nb4 18. Qe2 Rfd8 19. a3 Nc6 20. Nb5 Ne8 21. Bxg7 Kxg7 22. Qb2+ Kg8 23. h4 a6 24. Nc3 h5 25. Ng5 Rxd1 26. Rxd1 Rd8 27. Re1 Nd4 28. b4 f6 29. Nh3 e5 30. f3 Kg7 31. Rd1 Rc8 32. Nf4 b5 33. Nd3 Nd6 34. Nc5 Nc4 35. Qc1 Qa7 36. Nd5 a5 37. f4 axb4 38. fxe5 Qxc5 39. exf6+ Kh7 40. axb4 Qa7 41. Rf1 Nd6 42. Qf4 Nf7 43. Rf2 Ne6 44. Qd2 Rc4 45. Re2 Ne5 46. Nf4 Nd4 47. Qe3 Ng4 48. Qg1 Qf7 49. Ra2 Nxf6 50. Nh3 Nxe4 51. Qe3 Nf5 52. Qb6 Rc7 53. Re2 Nfxg3 54. Rf2 Qg7 55. Ra2 Nf5 56. Re2 Nxh4+ 57. Kf1 0-1

[Event "Helsinki HSL Easter 4th Group A"]
[Site "Helsinki"]
[Date "2011.04.??"]
[Round "1"]
[White "Lindholm, Pertti"]
[Black "Munukka, Timo"]
[Result "0-1"]
[WhiteElo "1718"]
[BlackElo "2029"]
[PlyCount "64"]
[EventDate "2011.04.21"]
[EventType "swiss"]
[EventRounds "7"]
[EventCountry "FIN"]
[SourceTitle "EXT 2022"]
[Source "ChessBase"]
[SourceDate "2021.10.06"]
[SourceVersion "1"]
[SourceVersionDate "2021.10.06"]
[SourceQuality "1"]

1. d4 Nf6 2. c4 g6 3. Nc3 d5 4. Bf4 c6 5. e3 Bg7 6. Nf3 0-0 7. Bd3 Na6 8. a3 Nc7 9. 0-0 Be6 10. c5 Bc8 11. Qc2 Nh5 12. Bg3 Nxg3 13. hxg3 Ne6 14. Nh4 b6 15. b4 bxc5 16. bxc5 Qa5 17. Na4 Rb8 18. Rfb1 Bd7 19. f4 Nxd4 20. exd4 Bxd4+ 21. Kh2 Bxa1 22. Rxa1 Rb7 23. Nxg6 hxg6 24. Bxg6 Kg7 25. Bd3 Rh8+ 26. Kg1 Bg4 27. Rf1 f6 28. f5 Bh5 29. Rf4 Qe1+ 30. Rf1 Qe3+ 31. Rf2 Bg4 32. Be2 Bxe2 0-1

[Event "FIN-chT1B 1011"]
[Site "Finland"]
[Date "2011.03.12"]
[Round "9.3"]
[White "Kahri, Antti"]
[Black "Munukka, Timo"]
[Result "1-0"]
[WhiteElo "2041"]
[BlackElo "2033"]
[PlyCount "79"]
[EventDate "2010.09.18"]
[EventType "team-tourn"]
[EventRounds "9"]
[EventCountry "FIN"]
[SourceTitle "EXT 2019"]
[Source "ChessBase"]
[SourceDate "2018.10.10"]
[SourceVersion "1"]
[SourceVersionDate "2018.10.10"]
[SourceQuality "1"]
[WhiteTeam "Vantaa Remi"]
[BlackTeam "Espoo ESK"]
[WhiteTeamCountry "FIN"]
[BlackTeamCountry "FIN"]

1. e4 c5 2. Nc3 Nc6 3. f4 d6 4. Bb5 Bd7 5. Nf3 a6 6. Be2 b5 7. 0-0 Nd4 8. d3 Nxe2+ 9. Qxe2 b4 10. Nd5 e6 11. Ne3 Ne7 12. b3 Nc6 13. Bb2 f6 14. e5 dxe5 15. fxe5 f5 16. Nc4 Qc7 17. a3 Be7 18. Nd6+ Bxd6 19. exd6 Qxd6 20. Bxg7 Rg8 21. Bb2 0-0-0 22. axb4 Nxb4 23. Ne5 Bc6 24. Rf2 Be8 25. Nc4 Qc6 26. Na5 Qb6 27. Bf6 Rd5 28. Qe3 f4 29. Qxf4 Rf5 30. Qh4 Rxf2 31. Qxf2 Rf8 32. Nc4 Qc6 33. Ra5 Rxf6 34. Qxf6 Nd5 35. Qf8 Kb8 36. Rxc5 Qd7 37. Nd6 Nf6 38. Rc8+ Ka7 39. Qxf6 Qxd6 40. Rxe8 1-0

[Event "FIN-chT1B 1011"]
[Site "Finland"]
[Date "2011.02.12"]
[Round "7.4"]
[White "Kivipelto, Kaj Erik"]
[Black "Munukka, Timo"]
[Result "1/2-1/2"]
[WhiteElo "2201"]
[BlackElo "2033"]
[PlyCount "84"]
[EventDate "2010.09.18"]
[EventType "team-tourn"]
[EventRounds "9"]
[EventCountry "FIN"]
[SourceTitle "EXT 2022"]
[Source "ChessBase"]
[SourceDate "2021.10.06"]
[SourceVersion "1"]
[SourceVersionDate "2021.10.06"]
[SourceQuality "1"]
[WhiteTeam "Helsinki KS 58"]
[BlackTeam "Espoo ESK"]
[WhiteTeamCountry "FIN"]
[BlackTeamCountry "FIN"]

1. Nf3 Nf6 2. g3 g6 3. b4 Bg7 4. Bb2 0-0 5. Bg2 d5 6. 0-0 b6 7. d3 Bb7 8. Nbd2 c6 9. c4 Nbd7 10. Qc2 dxc4 11. Nxc4 c5 12. b5 Nd5 13. Bxg7 Kxg7 14. Nfe5 Nxe5 15. Nxe5 f6 16. Nc6 Bxc6 17. bxc6 e5 18. c7 Qd6 19. Qc4 Nxc7 20. Bxa8 Rxa8 21. a4 Ne6 22. e3 Rd8 23. a5 Rd7 24. axb6 axb6 25. Ra8 Qc6 26. Rfa1 b5 27. Qg4 f5 28. Qh4 Qd5 29. R8a6 h6 30. e4 fxe4 31. dxe4 Qd4 32. Qg4 Rf7 33. R1a2 Ng5 34. Ra7 c4 35. Rxf7+ Kxf7 36. h4 Nxe4 37. Qf3+ Ke6 38. Ra6+ Nd6 39. Qc6 Ke7 40. Qc7+ Ke6 41. Qc8+ Ke7 42. Qc7+ Ke6 1/2-1/2

[Event "Helsinki-ch 2011 Group M"]
[Site "Helsinki"]
[Date "2011.??.??"]
[Round "6"]
[White "Miettinen, Teemu"]
[Black "Munukka, Timo"]
[Result "1-0"]
[WhiteElo "2022"]
[BlackElo "2038"]
[PlyCount "53"]
[EventDate "2010.12.27"]
[EventType "tourn"]
[EventRounds "11"]
[EventCountry "FIN"]
[SourceTitle "EXT 2022"]
[Source "ChessBase"]
[SourceDate "2021.10.06"]
[SourceVersion "1"]
[SourceVersionDate "2021.10.06"]
[SourceQuality "1"]

1. e4 c5 2. Nf3 d6 3. d4 cxd4 4. Nxd4 Nf6 5. Nc3 e6 6. Be3 Be7 7. f3 0-0 8. Qd2 Nc6 9. 0-0-0 a6 10. Kb1 Qc7 11. g4 b5 12. Nxc6 Qxc6 13. h4 Bb7 14. h5 Nd7 15. Ne2 Ne5 16. Nd4 Nc4 17. Bxc4 Qxc4 18. g5 Rac8 19. g6 fxg6 20. hxg6 hxg6 21. Rdg1 e5 22. Qh2 Rf6 23. Qh7+ Kf8 24. Nf5 gxf5 25. Rxg7 Bd5 26. exd5 Qxd5 27. Qh8+ 1-0

[Event "Helsinki-ch 2011 Group M"]
[Site "Helsinki"]
[Date "2011.??.??"]
[Round "7"]
[White "Munukka, Timo"]
[Black "Haapasalo, Jukka Pekka"]
[Result "1/2-1/2"]
[WhiteElo "2038"]
[BlackElo "2136"]
[PlyCount "24"]
[EventDate "2010.12.27"]
[EventType "tourn"]
[EventRounds "11"]
[EventCountry "FIN"]
[SourceTitle "EXT 2022"]
[Source "ChessBase"]
[SourceDate "2021.10.06"]
[SourceVersion "1"]
[SourceVersionDate "2021.10.06"]
[SourceQuality "1"]

1. d4 Nf6 2. c4 c5 3. Nf3 cxd4 4. Nxd4 b6 5. Nf3 Bb7 6. g3 Nc6 7. Bg2 Ne5 8. Nbd2 g6 9. 0-0 Nxf3+ 10. Bxf3 Bxf3 11. Nxf3 Bg7 12. Be3 0-0 1/2-1/2